Welcome to CU Library Online Public Access Catalogue (OPAC)

Purchasing principles and management (Record no. 5735)

MARC details
000 -LEADER
fixed length control field 00391nam a22001577a 4500
005 - DATE AND TIME OF LATEST TRANSACTION
control field 20250512163119.0
008 - FIXED-LENGTH DATA ELEMENTS--GENERAL INFORMATION
fixed length control field 250512b |||||||| |||| 00| 0 eng d
020 ## - INTERNATIONAL STANDARD BOOK NUMBER
International Standard Book Number 0273606034
050 ## - LIBRARY OF CONGRESS CALL NUMBER
Classification number HF5437
Item number PUR
245 ## - TITLE STATEMENT
Title Purchasing principles and management
250 ## - EDITION STATEMENT
Edition statement 7th
260 ## - PUBLICATION, DISTRIBUTION, ETC.
Place of publication, distribution, etc. London
Name of publisher, distributor, etc. ELBS
Date of publication, distribution, etc. C1994
300 ## - PHYSICAL DESCRIPTION
Extent vii, 339p
700 ## - ADDED ENTRY--PERSONAL NAME
Personal name Peter Baily {et,...al}
942 ## - ADDED ENTRY ELEMENTS (KOHA)
Source of classification or shelving scheme Library of Congress Classification
Koha item type Books
Suppress in OPAC No
999 ## -
-- 5735
-- 5735
Holdings
Withdrawn status Lost status Source of classification or shelving scheme Damaged status Not for loan Collection Home library Current library Shelving location Date acquired Total checkouts Full call number Barcode Date last seen Copy number Price effective from Koha item type Public note
    Library of Congress Classification     Non-fiction Graduate Library (Christ Temple) Graduate Library (Christ Temple) General stacks 02/02/2026   HF 5437 PUR GSCT00002183 02/02/2026 1 02/02/2026 Books EAQ
    Library of Congress Classification     Non-fiction Undergraduate Library (Christ Temple) Undergraduate Library (Christ Temple) Book cart 05/12/2025   HF5437 PUR ulct00002340 05/12/2025 1 05/12/2025 Books  
    Library of Congress Classification     Non-fiction Undergraduate Library (Christ Temple) Undergraduate Library (Christ Temple) Book cart 05/12/2025   HF5437 PUR ulct00002341 05/12/2025 2 05/12/2025 Books  
© 2023-2024 Copyright: Central University Libraries. All Rights Reserved | Created by: Mahone Tech Office